| 000 | 00977nam a22002537a 4500 | ||
|---|---|---|---|
| 999 |
_c22537 _d22537 |
||
| 003 | AR-CdUCM | ||
| 008 | 190423b ||||| |||| 00| 0 spa d | ||
| 020 | _a9786120215968 | ||
| 040 |
_aMUNICIPALIDAD PROVINCIAL DEL CUSCO _cBIBLIOTECA MUNICIPAL DEL CUSCO |
||
| 041 | _hspa | ||
| 082 |
_aEP / 868.94 / M13A _bM13A |
||
| 100 |
_aMachado, Ana María _948448 |
||
| 245 |
_aAh, pajarita si yo pudiera ... / _cAna María Machado ; ilustraciones de Ivar Da Coll ; traducción de Juan Fernando Esguerra |
||
| 260 |
_aLima : _bNorma, _c2020. |
||
| 300 |
_a29, [1] p. : _bilustraciones en color, _c19 cm. |
||
| 500 | _a"Para primeros lectores"--Cubierta. "Premio Hans Christian Andersen 2000"--Cubierta. | ||
| 650 |
_aCuentos infantiles brasileños _932737 |
||
| 650 |
_aTraducciones al español _91053 |
||
| 650 |
_aSiglo XX _948449 |
||
| 700 |
_aDa Coll, Ivar _eilustrador _948450 |
||
| 700 |
_aEsguerra, Juan Fernando _etraductor _948451 |
||
| 942 |
_2ddc _cLIBROS |
||
| 945 | _arac | ||